| 000 | 00729nam a22002057a 4500 | ||
|---|---|---|---|
| 999 |
_c18031 _d18031 |
||
| 003 | AR-CdUCM | ||
| 008 | 190511b ||||| |||| 00| 0 spa d | ||
| 040 |
_aMUNICIPALIDAD PROVINCIAL DEL CUSCO _cBIBLIOTECA MUNICIPAL DEL CUSCO |
||
| 082 |
_a963 / _bO43 |
||
| 100 |
_aOldson, Walter _938368 |
||
| 245 | _aEn la ardiente Etiopia / | ||
| 260 |
_aBuenos Aires : _bTor, |
||
| 300 |
_a168 páginas ; _bFotografías, _c18 cm. |
||
| 505 | _aContenido: Djibouti, en la bahía de Tadjourah -- La ciudad estratégica creada por el capricho y la intuición del gobernador Lagarte... | ||
| 650 |
_aEtiopia _915789 |
||
| 650 |
_aCreación _93051 |
||
| 650 |
_aHistoria africana _916347 |
||
| 942 |
_2ddc _cLIBROS |
||
| 945 |
_adavv _d2019-05-11 |
||